zpět

Detail výsledku týmu

Kozlovna M3, Olomouc

Datum a čas kvízu

46 Celkem bodů Celkový počet nahraných bodů na tomto kvízu bez doplňovacích otázek.
2. Pořadí na kvízu Konečné umístění týmu na tomto kvízu.

Zaznamenané odpovědi

# Otázka Odpověď Body Výsledky
1. Minulý týden se konala velmi k... zadek 1
2. Ve které evropské metropoli se... v Kodani 0
3. Na filmovém festivalu v Curych... Byla vytvořena umělou inteligencí (AI). 1
4. Minulý týden bylo oznámeno, že... Electronic Arts (EA) 1
5. Česká republika má od minulého... Linda Nosková 1
6. Wikipedii s nejvyšší pravděpod... z havajštiny 1
7. Fanoušci kvízu občas jistě se... D 1
8. Dobrým zdrojem informací jsou... Michal Suchánek, Richard Genzer 1
9. Mnemotechnické pomůcky se hodí... struny na kytaře (pořadí strun/tónů) 1
10. Někdy však k úspěchu v kvízu s... 1A 2C 3D 4B 1